000 01076cad a22002415a 4500
001 L158750
008 150416s2015 xxk f 000 0 eng d
035 _a(Sirsi) u158750
041 0 _aeng
050 0 4 _a692.3 $2 18
110 2 _aRoyal Institution of Chartered Surveyors
_94900
240 _aIPMS
245 0 5 _aRICS property measurement (Incorporating IPMS)
_bFrequently asked questions on the update to the code of measuring practice
_h[electronic resource]
260 _aLondon
_bRICS
_c2015
300 _a20p.
505 _aSection 1: Frequently asked questions on the update to the Code of Measuring Practice -- Section 2: Frequently asked questions relating to the International property measurement standards (IPMS).
650 2 4 _aRICS CODE OF MEASURING PRACTICE
650 2 4 _aInternational Property Measurement Standards
651 4 _aInternational
690 _aMeasurement
_96256
856 4 1 _uhttps://www.rics.org/profession-standards/knowledge-and-information-services/document-delivery-and-o
_zemail [email protected] to request a copy
942 _n0
999 _c115486
_d115486